| 000 | 00815nam a22002175i 4500 | ||
|---|---|---|---|
| 001 | 157671 | ||
| 003 | ES-MaACL | ||
| 005 | 20250815110840.0 | ||
| 008 | 040906s1889 fr |||| | fre d | ||
| 040 |
_aCAM _bspa _cCAM |
||
| 100 | 1 |
_aLévy, Michel. _972006 |
|
| 245 | 1 | 0 |
_aSur l'existence de la néphélinite à Rougiers (Var) / _cpar Mivhel Lévy et Collot. |
| 260 |
_aParis : _bGauthier-Villars et Fils, _c[s.a.] |
||
| 300 |
_a3 p. ; _c29 cm. |
||
| 596 | _aTexto fechado eel 27 de mayo de 1889. | ||
| 596 | _aGauthier-Villar et Fils, imprimeurs-éditeurs des Comptes Rendus des Séances de l'Academie des Sciences. | ||
| 650 | 0 | 7 |
_aGeología _2embne _913086 |
| 700 | 1 | 1 |
_aCollot. _9126545 |
| 852 |
_aES-MaACL _jT-902-F-19 _z-- Enc. hol. _z-- Enc. en un vol. facticio |
||
| 999 |
_c157671 _d157671 |
||